| 000 | 01015nam a2200289 i 4500 | ||
|---|---|---|---|
| 001 | bg | ||
| 003 | BPK | ||
| 005 | 20190820124659.0 | ||
| 008 | s2008 pl f |000 0 pol | ||
| 020 | _a9788372046710 | ||
| 040 | _cBPK | ||
| 041 | _apol | ||
| 080 | _a620.91/.93 | ||
| 080 | _a(075.8) | ||
| 100 | 1 |
_aGronowicz, Jan _d(1930- ) _eAutor |
|
| 245 | 0 | 0 |
_aNiekonwencjonalne źródła energii / _cJan Gronowicz. |
| 260 |
_aWarszawa ; _aRadom : _bWydawnictwo Instytutu Technologii Eksploatacji, _ccop. 2008. |
||
| 300 |
_a254 s. : _bil. ; _c25 cm. |
||
| 490 | 1 | _aBiblioteka Problemów Eksploatacji | |
| 504 | _aBibliogr. s. 247-254. | ||
| 655 | 4 | _aPodręczniki akademickie | |
| 650 | 4 | _aOdnawialne źródła energii | |
| 856 |
_uhttp://koha.tu.koszalin.pl/cgi-bin/koha/opac-detail.pl?biblionumber=55584 _yKatalog online BPK |
||
| 830 | _aBiblioteka Problemów Eksploatacji | ||
| 942 |
_cKS _2UKD |
||
| 999 |
_c55584 _d55584 |
||